The illustrated dictionary of the human body

Bibliographic Details
Format: Book
Published: United Kingdom : Merlion Publishing , 1992
Subjects:

MARC

LEADER 00000cam a2200000 7i4500
001 0000034693
002 000037500
005 20060209.0
020 |a 1857370864 
090 0 0 |a 030   |b ILL 
245 0 0 |a The illustrated dictionary of the human body 
260 |a United Kingdom :   |b Merlion Publishing ,   |c 1992 
300 |a 160 p. :   |b ill. ;   |c 29 cm. 
650 0 0 |a Dictionaries   |x Juvenile literature 
999 |a 043664   |b BUKU   |c JUNIOR BOOKS   |e PERPUSTAKAAN KOMUNITI PETALING JAYA